MDQL
is popping MORE tags! Check the
thread
!
Quizzes
Events
Quiz Creation
Community
Videos
Private Events
Remove Ads
Sign In
Join for FREE
Feedback
Dark Mode
Quiz Categories
Sports
Geography
Music
Movies
Television
Just For Fun
Miscellaneous
History
Literature
Language
Science
Gaming
Entertainment
Religion
Holiday
For Kids
Quiz Lab
Recent
Popular Today
Quiz Kudos Today
Editor Picks
Curator Picks
Quizzes by...
Day
Popularity
Type
Ratings
Length
Year
Community
Subscriptions
Recent Discussions
Orange Saloon
Badges
Playlists
Quests
Create
Leaderboards
Showdown
Live 5
Trivia Bingo
Activity
Puzzle Library
Sporcle Events
Private Events
Virtual Trivia
Globe League
Become a Host
Pub Owners
SporcleCon
Opinionation
Our Games
Videos
Blog
Mobile Apps
Partnerships
Remove Ads and Go Orange
Feedback
Movies
Disney
Marvel Cinematic Universe
Movie Resume
Movie Titles
Oscar
Actor
Actress
Director
Pixar
Role
Movie Quotes
Movie Characters
Box Office
Nominee
Best Picture
Star Wars
James Bond
Horror Movies
Movies
Disney
Marvel Cinematic Universe
Movie Resume
Movie Titles
Oscar
Actor
Actress
Director
Pixar
Role
Movie Quotes
Movie Characters
Box Office
Nominee
Best Picture
Star Wars
James Bond
Horror Movies
Random Quiz
Search Sporcle
×
Quiz Lab
Quiz Lab
Movies
Romantic
Type answers based on single images at one time
Type answers based on single images at one time
Slideshow
Best Score? Go Orange.
Romantic Comedies (A-Z) Stats
Can you name the name the rom coms (A-Z)?
By
jennagirl900
10m
23 Questions
728 Plays
728 Plays
728 Plays
Comments
Comments
Give Quiz Kudos
Give Quiz Kudos
-
- Ratings
hide this ad
Replay
Link that replays current quiz
Next Quiz
Link to next quiz in quiz playlist
You Got
0%
They Got
Avg Score
47%
Avg Friend Score
Upgrade to see
Score Distribution
Jump to the score distribution portion of the page
Score
0/23
Timer
10:00
0
Plays Today
% Correct
Enchanted
84.6%
Valentine`s Day
78.8%
How to Lose a Guy in 10 Days
78.7%
The Proposal
78.5%
Knocked Up
74.3%
Confessions of a Shopaholic
68.9%
Along Came Polly
63.4%
You`ve Got Mail
61.1%
The Wedding Planner
56.3%
Notting Hill
54.7%
Sweet Home Alabama
50.9%
Just Go With It
50.2%
% Correct
Runaway Bride
45.8%
The Ugly Truth
44.6%
Ghosts of Girlfriends Past
44.3%
The Back-up Plan
42.8%
Two Weeks Notice
36.5%
Overboard
32.6%
Definitely, Maybe
9.4%
It`s Complicated
7.8%
Friends With Benefits
7.7%
Made of Honor
5.5%
Life as we Know It
4.8%
Quiz Playlist
Details
Report
Send in Message
Add To Playlist
Slideshow:
Type answers based on single images at one time
Last Updated: Feb 16, 2017
Quiz Scoreboard
CHALLENGE
Sign Up to Join the Scoreboard
Show All
Scores
Hide
Comments
May contain spoilers
Recently Published
5x2 Blitz: Bands
by SL_Kpop136
Music
30s
Colored Red Africa Blitz
by spor1
Geography
30s
Find the 'City' Movie
by crazypaving
Movies
60s
More to Explore
Quiz From the Vault
Featured Blog Post
14 Easter Pick-up Lines to Find Eggs With
hide this ad
You Might Also Like...
Tags
A-Z
com
Comedy
rom
Romantic
Today's Top Quizzes in Movies
Browse Movies
hide this ad
Today's Top Quizzes in Romantic
Browse Romantic
Top Contributed Quizzes in Movies
1
Find The 'Big' Movie
2
Find The 'Blue' Movie
3
Find The 'Wild' Movie
4
Hidden Star Wars Character II
5
Pick 5 Posters: Directed by Spielberg
6
Hidden Star Wars Character III
7
Hidden Star Wars Character IV
8
Movies By Plot
9
Alfred Hitchcock Movies by Plot
10
Hidden Star Wars Character V
Explore More
Trending Topics
Anime
Kpop
Crossword
Marvel
NBA
Harry Potter
Disney
Song
Country
WWE
NFL
Puzzle
The Office
Soccer
Pokémon
hide this ad
More By:
jennagirl900
Quiz
Plays
Rating
Category
Featured
Created
Culinary Terminology
42,900
4.65
Just For Fun
Jan 14, 2017
Romantic Comedies: Fill-in-the-blank
1,959
4.75
Movies
Aug 11, 2016
Desserts (A-Z)
1,189
4.57
Miscellaneous
Nov 18, 2016
Disney Channel Shows
957
5.00
Television
Nov 18, 2016
Romantic Comedies (A-Z)
728
3.00
Movies
Nov 22, 2016
Go to Creator's Profile
Score Distribution
Quiz Creator Spotlight
jennagirl900
Follow
Send a Message
Quizzes Created
-
Created Quiz Play Count
-
More By This Creator
Popular Quizzes Today
1
Find the 'City' Movie
2
5x2 Blitz: Bands
3
Colored Red Africa Blitz
4
The Countries of the World
5
Find the US States - No Outlines Minefield
6
Find the US States
7
9x9 Crossword: Cartoon Network
8
US States
More Movies Quizzes
Follow That Line: The Incredibles 2
Quiz Lab
Trending Quizzes
Colored Red Africa Blitz II
Colored Red Europe Blitz I
Colored Red Africa Blitz III
Colored Red Europe Blitz II
Colored Red Europe Blitz III
Recently Updated
Champions League XIs: Real Madrid
pecheneg
Largest US Cities 1790-2010
pecheneg
Rides in Walt Disney World
pecheneg
Most Oscar Losses (Acting)
pecheneg
Beyoncé Albums
pecheneg
Leaping Animals
pecheneg
Reality TV Shows (A-Z)
bhenderson79
Rickey Henderson's Hall of Fame Teammates
pecheneg
Champions League XIs: Arsenal
pecheneg
Quick Pick: Celebrities in WWE's Hall of Fame
aduchscher
Trending Topics
Disney
NBA
Marvel
Crossword
Kpop
Anime
Harry Potter
Soccer
Puzzle
NFL
Country
The Office
Pokémon
WWE
Song
Your Account Isn't Verified!
In order to create a playlist on Sporcle, you need to verify the email address you used during registration. Go to your
Sporcle Settings
to finish the process.
Report this User
Report this user for behavior that violates our
Community Guidelines
.
Details:
Send Report
Go to the Sporcle.com Mobile Site →
Comments